000
00303nam a2200133Ia 4500
100
_a
Sharp /Henry
942
_c
BK
654
_a
Plane
245
_a
Elements of plane trigonometry
260
_b
Prentice Hall of India
_a
New Jersey
_c
1958
082
_a
516.2
_b
SHA
300
_a
274
546
_a
ENGLISH
999
_c
34628
_d
34628